La mente consciente: en busca de una teoría fundamental
Gorde:
| Egile nagusia: | |
|---|---|
| Formatua: | Liburua |
| Hizkuntza: | gaztelania |
| Argitaratua: |
Barcelona
Gedisa
1999
|
| Edizioa: | 1a. ed |
| Saila: | Serie CLA.DE.MA. Ciencias Cognitivas
|
| Gaiak: | |
| Etiketak: |
Etiketa erantsi
Etiketarik gabe, Izan zaitez lehena erregistro honi etiketa jartzen!
|
MARC
| LEADER | 00000cam a2200000 a 4500 | ||
|---|---|---|---|
| 001 | UCO8763 | ||
| 003 | CL-VaPUC | ||
| 008 | 010105e19990000SP |||||||||||||||||spa|d | ||
| 020 | |a 8474326923 | ||
| 082 | 0 | 4 | |a 128.2 |b CHA |2 21 |
| 100 | 0 | |a Chalmers, David J |e author |9 453643 | |
| 245 | 1 | 3 | |a La mente consciente: en busca de una teoría fundamental |
| 250 | |a 1a. ed | ||
| 300 | |a 523 p | ||
| 942 | |c BK | ||
| 945 | |d 20010105 00:00:00 |a cmena | ||
| 260 | |a Barcelona |b Gedisa |c 1999 | ||
| 650 | 0 | |a Mente y cuerpo |9 307279 | |
| 650 | 0 | |a Antropología filosófica |9 265842 | |
| 650 | 0 | |a Conciencia |9 309452 | |
| 650 | 0 | |a Desarrollo cognitivo |9 311398 | |
| 650 | 7 | |a NEUROFISIOLOGIA |2 CL-VaPUC |9 453644 | |
| 583 | |a last modification |c 20130325 12:26:24 |k Rodrigo Vera | ||
| 490 | 0 | |a Serie CLA.DE.MA. Ciencias Cognitivas | |
| 999 | |c 293231 |d 293229 | ||
| 952 | |0 0 |1 0 |4 0 |6 128_200000000000000_CHA_1999 |7 0 |8 A |9 344635 |a FDOPOS |b BIBEDU |d 2019-11-20 |i 3676811 |l 1 |o 128.2 CHA 1999 |p 3676811 |r 2025-01-22 |s 2022-05-03 |w 2019-11-20 |y BK |k MLA | ||
| 952 | |0 0 |1 0 |4 0 |6 128_200000000000000_CHA_1999 |7 0 |8 A |9 344636 |a BIBGIM |b BIBGIM |d 2019-11-20 |i 4608968 |o 128.2 CHA 1999 |p 4608968 |r 2025-01-15 |w 2019-11-20 |y BK |k COM | ||
| 952 | |0 0 |1 0 |4 0 |6 128_200000000000000_CHA_1999 |7 0 |8 A |9 344637 |a BIBING |b BIBING |d 2019-11-20 |i 4874102 |o 128.2 CHA 1999 |p 4874102 |r 2023-03-02 |w 2019-11-20 |y BK |k CUI | ||